000 00711nam a2200205 a 4500
001 BRCA_7600
005 20190320205915.0
008 220613s1880----sp-a######---#000-0#spa-#
041 _aspa
044 _asp
050 4 _aZ115.E8
_b.M86 1880
100 1 _aMuñoz y Rivero, Jesús
_918745
245 1 0 _aManual de paleografía diplomática española de los siglos XII al XVII
_bmétodo teórico-práctico para aprender a leer los documentos españoles de los siglos XII al XVII
_cpor Jesús Muñoz y Rivero.
260 _aMadrid
_bDe Moreno y Rojas
_c1880
300 _aclxxv, 301 p.
_bil., 179 láminas
_c19 cm.
500 _aS122
650 1 4 _aPaleografía española
_918746
902 _aGFM
942 _2lcc
_cB
999 _c7274
_d7274